Con honor, valentia y orgullo : alegatos presentados en las vistas de sentencia por los cinco /
Guardado en:
| Formato: | Libro |
|---|---|
| Publicado: |
La Habana :
Oficina De Publicaciones Del Consejo De Estado,
2002
|
| Edición: | 3a. ed. |
| Materias: | |
| Etiquetas: |
Agregar Etiqueta
Sin Etiquetas, Sea el primero en etiquetar este registro!
|
| LEADER | 00593nam a22001815a 4500 | ||
|---|---|---|---|
| 001 | EHU.bham024893 | ||
| 003 | AR-BHAM | ||
| 005 | 20130508103250.0 | ||
| 008 | 130507s2002##################000#0#####d | ||
| 082 | 9 | 7 | |a 972.91 |
| 245 | 0 | 0 | |a Con honor, valentia y orgullo : |b alegatos presentados en las vistas de sentencia por los cinco / |
| 250 | |a 3a. ed. | ||
| 260 | |a La Habana : |b Oficina De Publicaciones Del Consejo De Estado, |c 2002 | ||
| 300 | |a 97 p. | ||
| 653 | |a Cuba | ||
| 653 | |a Derechos humanos | ||
| 653 | |a Politica exterior-eeuu | ||
| 859 | |a AR-BHAM |b BIB. HUMANIDADES - General |h 972.91 |i AL72 |p 602.02 |t Ej.1 | ||
